| 000 | 01303cam a2200241 4500 | ||
|---|---|---|---|
| 001 | ABS67797 | ||
| 008 | 040528n2004 000 0 eng u | ||
| 035 | _a(Sirsi) u126319 | ||
| 100 | _aMoore, P. | ||
| 245 | _aConstruction futures | ||
| 260 | _c2004 | ||
| 490 |
_aArchitects' Journal _v219(17) 29 April 2004, 44-45(2) |
||
| 520 | _aQuarterly survey examines the effect that recent government interventions may have had on the construction industry. Points out that the publication of the Barker and Lyons reviews (ISBN 1845320107 and ISBN 1845320093) are expected to increase workload in the medium term and radically affect the profile of the construction industry in the next 10 years. Key findings of the survey include that construction output in the fourth quarter of 2003 was 2% higher than the previous quarter and 6% higher than the fourth quarter of 2002. Tender prices are predicted to rise nationally by 3.7% in the next year, but private commercial sector work is expected to continue to fall. | ||
| 590 | _aABS | ||
| 590 | _aABS | ||
| 650 | _aCONSTRUCTION OUTPUT | ||
| 650 | _aPRIVATE COMMERCIAL | ||
| 650 | _aTENDER PRICES | ||
| 650 | _aSURVEYS | ||
| 650 | _aCONSTRUCTION FUTURES | ||
| 690 | _aBUILDING AND CONSTRUCTION-PROCUREMENT, PARTNERING, TENDERING | ||
| 942 | _n0 | ||
| 999 |
_c117417 _d117417 |
||